[Event "TUR-chT"]
[Site "Ankara"]
[Date "2022.08.16"]
[Round "1.1"]
[White "Erturan, Yakup"]
[Black "Goksel, Doga Cihan"]
[Result "1/2-1/2"]
[WhiteElo "2380"]
[BlackElo "2227"]
[PlyCount "29"]
[EventDate "2022.08.16"]
[EventType "team-tourn"]
[EventRounds "13"]
[EventCountry "TUR"]
[SourceTitle "CBM 209 Extra"]
[Source "ChessBase"]
[SourceDate "2022.09.30"]
[SourceVersion "1"]
[SourceVersionDate "2022.09.30"]
[SourceQuality "1"]
[WhiteTeam "Karaman Futbol"]
[BlackTeam "Tarsus Zeka"]
[WhiteTeamCountry "TUN"]
[BlackTeamCountry "TUR"]

1. e4 e5 2. Nf3 Nc6 3. Bb5 a6 4. Ba4 Nf6 5. 0-0 Be7 6. Re1 b5 7. Bb3 0-0 8. c3 d6 9. h3 Bb7 10. d4 Re8 11. Ng5 Rf8 12. Nf3 Re8 13. Ng5 Rf8 14. Nf3 Re8 15. Ng5 1/2-1/2

[Event "BIH-chT1A 28th"]
[Site "Mostar"]
[Date "2021.08.08"]
[Round "5.4"]
[White "Goksel, Doga Cihan"]
[Black "Mataradzic, Almir"]
[Result "1/2-1/2"]
[WhiteElo "2231"]
[BlackElo "2119"]
[PlyCount "22"]
[EventDate "2021.08.06"]
[EventType "team-tourn"]
[EventRounds "9"]
[EventCountry "BIH"]
[SourceTitle "CBM 203 Extra"]
[Source "ChessBase"]
[SourceDate "2021.09.30"]
[SourceVersion "1"]
[SourceVersionDate "2021.09.30"]
[SourceQuality "1"]
[WhiteTeam "Zenica Celik"]
[BlackTeam "Mostar Zrinjski"]
[WhiteTeamCountry "BIH"]
[BlackTeamCountry "BIH"]

1. Nf3 Nf6 2. d4 e6 3. c4 c5 4. g3 cxd4 5. Nxd4 Nc6 6. Bg2 Bc5 7. Nb3 Bb4+ 8. Bd2 Bxd2+ 9. Qxd2 d5 10. cxd5 exd5 11. 0-0 0-0 1/2-1/2

[Event "TUR-chT"]
[Site "Izmir"]
[Date "2016.07.29"]
[Round "5.4"]
[White "Goksel, Doga Cihan"]
[Black "Seyhanoglu, Deniz"]
[Result "1-0"]
[WhiteElo "2242"]
[BlackElo "2039"]
[PlyCount "59"]
[EventDate "2016.07.25"]
[EventType "team-swiss"]
[EventRounds "13"]
[EventCountry "TUR"]
[SourceTitle "CBM 173 Extra"]
[Source "ChessBase"]
[SourceDate "2016.08.29"]
[SourceVersion "1"]
[SourceVersionDate "2016.08.29"]
[SourceQuality "1"]
[WhiteTeam "Tarsus Zeka"]
[BlackTeam "Bogazici Universitesi"]
[WhiteTeamCountry "TUR"]
[BlackTeamCountry "TUR"]

1. Nf3 c5 2. c4 Nf6 3. g3 b6 4. Bg2 Bb7 5. 0-0 e6 6. Nc3 Be7 7. d4 cxd4 8. Qxd4 d6 9. b3 a6 10. Ba3 Nc6 11. Qd2 Qc7 12. Rac1 Na7 13. Rfd1 Rd8 14. Ng5 Bxg2 15. Kxg2 0-0 16. Qf4 Qb7+ 17. Nge4 Nxe4 18. Qxe4 d5 19. Nxd5 Kh8 20. Bxe7 exd5 21. Qh4 dxc4+ 22. Kg1 Rxd1+ 23. Rxd1 Re8 24. bxc4 h6 25. Bf6 gxf6 26. Qxh6+ Kg8 27. Rd4 f5 28. Rh4 f6 29. Qh8+ Kf7 30. Qh7+ 1-0

[Event "TUR-chT"]
[Site "Kocaeli"]
[Date "2015.08.08"]
[Round "5.6"]
[White "Goksel, Doga Cihan"]
[Black "Gulbas, Cemil"]
[Result "1/2-1/2"]
[WhiteElo "2234"]
[BlackElo "2377"]
[PlyCount "81"]
[EventDate "2015.08.04"]
[EventType "team-tourn"]
[EventRounds "13"]
[EventCountry "TUR"]
[SourceTitle "CBM 167 Extra"]
[Source "ChessBase"]
[SourceDate "2015.09.14"]
[SourceVersion "1"]
[SourceVersionDate "2015.09.14"]
[SourceQuality "1"]
[WhiteTeam "Tarsus Zeka"]
[BlackTeam "Hatay Buyuksehir"]
[WhiteTeamCountry "TUR"]
[BlackTeamCountry "TUR"]

1. Nf3 d5 2. d4 Nf6 3. c4 c6 4. Nc3 a6 5. a4 e6 6. Bg5 h6 7. Bh4 dxc4 8. e3 b5 9. axb5 cxb5 10. Bxf6 gxf6 11. Nxb5 axb5 12. Rxa8 Bb4+ 13. Nd2 Bb7 14. Ra1 f5 15. Be2 Bxg2 16. Rg1 Qd5 17. f4 e5 18. fxe5 Qe4 19. Kf2 Bxd2 20. Qxd2 Rg8 21. Ke1 f4 22. exf4 Rg6 23. Kf2 Nc6 24. Qe3 Qd5 25. Rad1 Nb4 26. Rd2 Be4 27. Rxg6 Bxg6 28. Bf3 Qd8 29. e6 Nd3+ 30. Kg1 Qd6 31. exf7+ Kxf7 32. Re2 Nxf4 33. Qe8+ Kf6 34. Qh8+ Kf7 35. Qe8+ Kf6 36. Qh8+ Kf7 37. Re8 Ne6 38. Qg8+ Kf6 39. Qh8+ Kf7 40. Qg8+ Kf6 41. Qh8+ 1/2-1/2

[Event "TUR-chT"]
[Site "Kocaeli"]
[Date "2014.08.29"]
[Round "13.2"]
[White "Sengul, Cengiz"]
[Black "Goksel, Doga Cihan"]
[Result "1/2-1/2"]
[WhiteElo "2201"]
[BlackElo "2222"]
[PlyCount "115"]
[EventDate "2014.08.18"]
[EventType "team-tourn"]
[EventRounds "13"]
[EventCountry "TUR"]
[SourceTitle "CBM 162 Extra"]
[Source "ChessBase"]
[SourceDate "2014.10.17"]
[SourceVersion "1"]
[SourceVersionDate "2014.10.17"]
[SourceQuality "1"]
[WhiteTeam "Mersin Ezgi"]
[BlackTeam "Tarsus Zeka"]
[WhiteTeamCountry "TUR"]
[BlackTeamCountry "TUR"]

1. d4 Nf6 2. c4 g6 3. Nc3 Bg7 4. e4 d6 5. Be2 0-0 6. Bg5 c5 7. d5 Qa5 8. Bd2 e6 9. Nf3 exd5 10. exd5 Bg4 11. 0-0 a6 12. a4 Qc7 13. Qb3 Nbd7 14. h3 Bxf3 15. Bxf3 Rfe8 16. Rae1 Rxe1 17. Rxe1 Re8 18. Rxe8+ Nxe8 19. Ne4 Nef6 20. Nxf6+ Bxf6 21. a5 Bd4 22. Kf1 Nf6 23. Qc2 Qe7 24. b3 Qe5 25. g3 Qe7 26. Qd3 Nd7 27. Bd1 Qf6 28. Qf3 Qe7 29. Qe2 Qd8 30. Kg2 Kg7 31. Bc2 Qf6 32. Qf3 Qd8 33. Qe4 Qf6 34. Qe1 Qd8 35. f4 Nf6 36. g4 h6 37. Bd1 Qd7 38. g5 hxg5 39. fxg5 Nh7 40. Bg4 Qd8 41. h4 Nf8 42. h5 gxh5 43. Bxh5 Qd7 44. Qe4 Ng6 45. Bg4 Qd8 46. Bf5 Be5 47. Bxg6 fxg6 48. Qg4 Qe8 49. Qh3 Bd4 50. Kf3 Be5 51. Qe6 Qf8+ 52. Ke2 Qf7 53. Qc8 Bd4 54. Kd1 Qf3+ 55. Kc2 Qe4+ 56. Kc1 Qh1+ 57. Kc2 Qe4+ 58. Kc1 1/2-1/2

[Event "TUR-chT"]
[Site "Kocaeli"]
[Date "2014.08.28"]
[Round "12.4"]
[White "Yurtseven, Melih"]
[Black "Goksel, Doga Cihan"]
[Result "1/2-1/2"]
[WhiteElo "2271"]
[BlackElo "2222"]
[PlyCount "67"]
[EventDate "2014.08.18"]
[EventType "team-tourn"]
[EventRounds "13"]
[EventCountry "TUR"]
[SourceTitle "CBM 162 Extra"]
[Source "ChessBase"]
[SourceDate "2014.10.17"]
[SourceVersion "1"]
[SourceVersionDate "2014.10.17"]
[SourceQuality "1"]
[WhiteTeam "Antalya Calli"]
[BlackTeam "Tarsus Zeka"]
[WhiteTeamCountry "TUR"]
[BlackTeamCountry "TUR"]

1. e4 c5 2. Nf3 e6 3. g3 d5 4. exd5 exd5 5. d4 Nf6 6. Bg2 Be7 7. 0-0 0-0 8. h3 Nc6 9. dxc5 Bxc5 10. Nbd2 Bb6 11. Nb3 Ne4 12. Nfd4 Re8 13. c3 Qf6 14. Qh5 Re5 15. Qf3 Qg6 16. Bf4 Rh5 17. Kh2 Bg4 18. Qe3 Bxh3 19. Rh1 Nf6 20. Kg1 Re8 21. Qd2 Bd7 22. Rxh5 Qxh5 23. Re1 Rxe1+ 24. Qxe1 h6 25. Nf3 Ng4 26. Nbd4 Nxd4 27. cxd4 Bb5 28. Qc3 Qf5 29. Bh3 g5 30. Be3 Kg7 31. Nd2 Qe6 32. b3 f5 33. Bxg4 fxg4 34. a4 1/2-1/2

[Event "TUR-chT"]
[Site "Kocaeli"]
[Date "2014.08.20"]
[Round "3.6"]
[White "Goksel, Doga Cihan"]
[Black "Atakisi, Umut"]
[Result "0-1"]
[WhiteElo "2222"]
[BlackElo "2343"]
[PlyCount "74"]
[EventDate "2014.08.18"]
[EventType "team-tourn"]
[EventRounds "13"]
[EventCountry "TUR"]
[SourceTitle "CBM 162 Extra"]
[Source "ChessBase"]
[SourceDate "2014.10.17"]
[SourceVersion "1"]
[SourceVersionDate "2014.10.17"]
[SourceQuality "1"]
[WhiteTeam "Tarsus Zeka"]
[BlackTeam "Besiktas Jimnastik"]
[WhiteTeamCountry "TUR"]
[BlackTeamCountry "TUR"]

1. Nf3 Nf6 2. c4 c6 3. d4 d5 4. Nc3 dxc4 5. e4 b5 6. e5 Nd5 7. a4 e6 8. axb5 Nxc3 9. bxc3 cxb5 10. Ng5 Bb7 11. Qh5 g6 12. Qg4 Be7 13. Be2 Bd5 14. Bf3 h6 15. Nh3 Bxf3 16. Qxf3 Nd7 17. Qc6 b4 18. Nf4 Qc8 19. Qe4 Nb6 20. Ra5 g5 21. Nh5 Nd5 22. 0-0 Nxc3 23. Qf3 Rg8 24. Rc5 Bxc5 25. Nf6+ Kf8 26. dxc5 Rg6 27. c6 Nd5 28. Rd1 Qxc6 29. h4 gxh4 30. Ne4 Nc3 31. Rd4 Nxe4 32. Rxe4 Rd8 33. Be3 Qd5 34. Kh2 Kg8 35. Qf4 b3 36. f3 b2 37. Rxc4 b1Q 0-1

[Event "TUR-chT"]
[Site "Kocaeli"]
[Date "2014.08.18"]
[Round "1.5"]
[White "Erdogan, Hakan"]
[Black "Goksel, Doga Cihan"]
[Result "0-1"]
[WhiteElo "2217"]
[BlackElo "2222"]
[PlyCount "126"]
[EventDate "2014.08.18"]
[EventType "team-tourn"]
[EventRounds "13"]
[EventCountry "TUR"]
[SourceTitle "CBM 162 Extra"]
[Source "ChessBase"]
[SourceDate "2014.10.17"]
[SourceVersion "1"]
[SourceVersionDate "2014.10.17"]
[SourceQuality "1"]
[WhiteTeam "Istanbul Teknik Uni"]
[BlackTeam "Tarsus Zeka"]
[WhiteTeamCountry "TUR"]
[BlackTeamCountry "TUR"]

1. d4 Nf6 2. c4 g6 3. Nc3 Bg7 4. e4 d6 5. f3 0-0 6. Be3 c5 7. dxc5 dxc5 8. Qxd8 Rxd8 9. Bxc5 Nc6 10. Rd1 Rxd1+ 11. Kxd1 Nd7 12. Be3 Nde5 13. Nd5 b6 14. b3 Ba6 15. a3 Rd8 16. Kc2 e6 17. Nc7 Bb7 18. Nh3 Nd4+ 19. Bxd4 Rxd4 20. Nb5 Rd7 21. Be2 a6 22. Nc3 Nc6 23. Rd1 Nd4+ 24. Kb1 Bc6 25. Bf1 Nxb3 26. Rxd7 Bxd7 27. Kc2 Nc5 28. Nf2 f5 29. Nd3 Kf7 30. Nxc5 bxc5 31. Bd3 Ke7 32. Kb3 Kd6 33. f4 Bd4 34. e5+ Kc7 35. Ne2 Be3 36. Kc2 Ba4+ 37. Kc3 Bc6 38. g3 Bf3 39. Kc2 Bxe2 40. Bxe2 Bg1 41. h3 Bh2 42. Kd3 Bxg3 43. Ke3 h6 44. Kf3 Be1 45. Bd1 g5 46. Ba4 Bd2 47. fxg5 hxg5 48. Be8 Bc3 49. Bf7 Kd7 50. Ke3 Bxe5 51. Kf3 Kd6 52. Bg6 Bd4 53. a4 a5 54. Kg3 Ke5 55. Bf7 Kf6 56. Bg8 e5 57. h4 gxh4+ 58. Kxh4 e4 59. Bh7 Ke5 60. Kg3 f4+ 61. Kg2 f3+ 62. Kg3 Bc3 63. Kf2 Kf4 0-1

[Event "Skopje Karposh op"]
[Site "Skopje"]
[Date "2013.03.12"]
[Round "5"]
[White "Kadric, Denis"]
[Black "Goksel, Doga Cihan"]
[Result "1-0"]
[WhiteElo "2473"]
[BlackElo "2260"]
[PlyCount "59"]
[EventDate "2013.03.09"]
[EventType "swiss"]
[EventRounds "9"]
[EventCountry "MKD"]
[SourceTitle "CBM 153 Extra"]
[Source "ChessBase"]
[SourceDate "2013.04.22"]
[SourceVersion "1"]
[SourceVersionDate "2013.04.22"]
[SourceQuality "1"]

1. e4 c5 2. Nf3 e6 3. d4 cxd4 4. Nxd4 a6 5. Nc3 Qc7 6. Bd3 Nf6 7. 0-0 d6 8. f4 Nbd7 9. Kh1 Be7 10. Qe2 0-0 11. Bd2 b5 12. b4 Bb7 13. a4 bxa4 14. Rxa4 Nb6 15. Raa1 d5 16. e5 Ne4 17. Nxe4 dxe4 18. Bxe4 g6 19. Bxb7 Qxb7 20. c4 Rfd8 21. Nb3 Qc6 22. Rfc1 Rdb8 23. Ra5 h5 24. c5 Nd5 25. Qc4 Bd8 26. Nd4 Qc8 27. Ra3 Qb7 28. c6 Qb6 29. f5 gxf5 30. Rg3+ 1-0

[Event "Skopje Karposh op"]
[Site "Skopje"]
[Date "2013.03.10"]
[Round "2"]
[White "Goksel, Doga Cihan"]
[Black "Pancevski, Filip"]
[Result "0-1"]
[WhiteElo "2260"]
[BlackElo "2515"]
[PlyCount "76"]
[EventDate "2013.03.09"]
[EventType "swiss"]
[EventRounds "9"]
[EventCountry "MKD"]
[SourceTitle "CBM 153 Extra"]
[Source "ChessBase"]
[SourceDate "2013.04.22"]
[SourceVersion "1"]
[SourceVersionDate "2013.04.22"]
[SourceQuality "1"]

1. Nf3 Nf6 2. d4 g6 3. c4 Bg7 4. g3 0-0 5. Bg2 d6 6. 0-0 c6 7. Nc3 Qa5 8. e4 e5 9. dxe5 dxe5 10. Qc2 Bg4 11. Be3 Bxf3 12. Bxf3 Nbd7 13. Rfd1 Rfd8 14. a3 Nf8 15. b4 Qc7 16. Ne2 Ne6 17. Kg2 h5 18. h4 Nd7 19. Rd2 Ndf8 20. Rad1 Rxd2 21. Rxd2 Qe7 22. Qa4 Qe8 23. Qd1 a5 24. Qb3 Qe7 25. Bb6 Bh6 26. Rd1 axb4 27. axb4 Ra6 28. c5 Nd7 29. b5 Ra8 30. Qc4 Ndxc5 31. bxc6 bxc6 32. Nc3 Bf8 33. Be2 Ra3 34. Rb1 Nd4 35. Bd1 Qe6 36. Qxe6 Ndxe6 37. Bxc5 Nxc5 38. Rc1 Nd3 0-1

[Event "TUR-chT"]
[Site "Konya"]
[Date "2012.07.12"]
[Round "2"]
[White "Goksel, Doga Cihan"]
[Black "Yildiz Kadioglu, Betul Cemre"]
[Result "1/2-1/2"]
[WhiteElo "2220"]
[BlackElo "2330"]
[PlyCount "43"]
[EventDate "2012.07.11"]
[EventType "team-tourn"]
[EventRounds "13"]
[EventCountry "TUR"]
[SourceTitle "CBM 149 Extra"]
[Source "ChessBase"]
[SourceDate "2012.08.24"]
[SourceVersion "1"]
[SourceVersionDate "2012.08.24"]
[SourceQuality "1"]
[WhiteTeam "Ceyhan Belediye"]
[BlackTeam "Antalya Calli"]
[WhiteTeamCountry "TUR"]
[BlackTeamCountry "TUR"]

1. Nf3 d5 2. d4 Nf6 3. c4 dxc4 4. e3 a6 5. a4 e6 6. Bxc4 b6 7. Qe2 Bb7 8. 0-0 Nbd7 9. Nc3 c5 10. Rd1 Qc7 11. d5 exd5 12. Nxd5 Nxd5 13. Bxd5 Bxd5 14. Rxd5 Be7 15. b3 Bf6 16. Bb2 Bxb2 17. Qxb2 0-0 18. Rg5 f6 19. Rd5 Rad8 20. Rad1 Nb8 21. Qd2 Nc6 22. h4 1/2-1/2

[Event "NATO-ch 21st"]
[Site "Koge"]
[Date "2010.10.21"]
[Round "5"]
[White "Goksel, Doga Cihan"]
[Black "Schenk, Andreas"]
[Result "1/2-1/2"]
[WhiteElo "2253"]
[BlackElo "2519"]
[PlyCount "92"]
[EventDate "2010.10.18"]
[EventType "swiss"]
[EventRounds "7"]
[EventCountry "DEN"]
[SourceTitle "EXT 2011"]
[Source "ChessBase"]
[SourceDate "2010.11.26"]
[SourceVersion "1"]
[SourceVersionDate "2010.11.26"]
[SourceQuality "1"]

1. Nf3 d5 2. d4 Nf6 3. c4 e6 4. Nc3 c6 5. e3 Nbd7 6. Qc2 Bd6 7. Be2 0-0 8. 0-0 dxc4 9. Bxc4 b5 10. Be2 Bb7 11. Ne4 Nxe4 12. Qxe4 Qe7 13. b3 e5 14. dxe5 Nxe5 15. Bb2 c5 16. Qf5 g6 17. Qh3 Nxf3+ 18. Bxf3 Bxf3 19. Qxf3 Be5 20. Bxe5 Qxe5 21. Rac1 Rac8 22. Qe2 a6 23. Rc2 Rc6 24. Rfc1 Rfc8 25. h3 Qe6 26. Qf3 Kg7 27. Qe2 h6 28. h4 h5 29. g3 Qe4 30. a4 Qb4 31. axb5 axb5 32. Qd3 c4 33. Qd4+ Kg8 34. Rc3 Rc5 35. Kg2 Qa5 36. bxc4 Qc7 37. Qe4 Rxc4 38. Rxc4 bxc4 39. Rc3 Qc5 40. Kh2 Qb4 41. Qd4 Qb2 42. Kg2 Qb7+ 43. Kg1 Qc6 44. e4 Qe6 45. Kg2 Qc6 46. Qd5 Qxd5 1/2-1/2

[Event "NATO-ch 21st"]
[Site "Koge"]
[Date "2010.10.21"]
[Round "6"]
[White "Jauk, Wilhelm"]
[Black "Goksel, Doga Cihan"]
[Result "0-1"]
[WhiteElo "2168"]
[BlackElo "2253"]
[PlyCount "170"]
[EventDate "2010.10.18"]
[EventType "swiss"]
[EventRounds "7"]
[EventCountry "DEN"]
[SourceTitle "EXT 2011"]
[Source "ChessBase"]
[SourceDate "2010.11.26"]
[SourceVersion "1"]
[SourceVersionDate "2010.11.26"]
[SourceQuality "1"]

1. d4 d5 2. c4 c6 3. cxd5 cxd5 4. Nc3 Nf6 5. Nf3 Nc6 6. Bf4 Nh5 7. Bg3 Nxg3 8. hxg3 e6 9. e3 g6 10. Be2 Bg7 11. 0-0 0-0 12. a3 b6 13. Rc1 Bb7 14. b4 Qd6 15. Qb3 Rfc8 16. Rc2 Bf6 17. Rfc1 a6 18. Na4 Ne7 19. Rxc8+ Rxc8 20. Rxc8+ Nxc8 21. Qc3 Kg7 22. Nb2 Na7 23. Ne5 Be7 24. g4 Bd8 25. Nd1 f6 26. Nf3 g5 27. Bd3 Nb5 28. Bxb5 axb5 29. Nb2 Bc7 30. Nd3 Bc6 31. Kf1 Be8 32. Ke2 Qd7 33. Kf1 h6 34. Ke1 Bd6 35. Kf1 Qb7 36. Ke1 Bd7 37. Kf1 Qb8 38. Ke1 Qe8 39. Kf1 h5 40. gxh5 Qxh5 41. Nfe1 Qd1 42. Qc2 Qh5 43. Qc3 Kf7 44. Qb3 Ke7 45. Qc3 Qh2 46. Qb3 Be8 47. Ke2 Qh1 48. Qc2 Bd7 49. Qb3 Kd8 50. Qa2 Kc7 51. Qc2+ Kb7 52. Qb3 Be8 53. Qa2 Bh5+ 54. Kd2 Qf1 55. Qc2 Be2 56. g3 Bg4 57. Kc3 Bf5 58. Kb2 Be4 59. Qd2 Qg1 60. Nc1 Qh2 61. Qe2 Qh1 62. Qd2 e5 63. Qe2 exd4 64. exd4 Qh2 65. Kc3 Qg1 66. Kb2 g4 67. Qd2 Bf8 68. Qe2 Bh6 69. Ncd3 f5 70. Nf4 Bxf4 71. gxf4 Qh2 72. Qe3 Qh8 73. Nd3 Qc8 74. Ne1 Qc4 75. Qc3 Qf1 76. Qd2 Kb8 77. Qe3 Kb7 78. Qd2 Ka7 79. Qe3 Qg1 80. Qe2 g3 81. fxg3 Qxd4+ 82. Kb3 Qa1 83. Nd3 d4 84. Nb2 Qb1 85. Qd2 Bd5# 0-1

[Event "TUR-chT"]
[Site "Konya"]
[Date "2010.07.07"]
[Round "11"]
[White "Haznedaroglu, Kivanc"]
[Black "Goksel, Doga Cihan"]
[Result "0-1"]
[WhiteElo "2501"]
[BlackElo "2253"]
[PlyCount "86"]
[EventDate "2010.06.29"]
[EventType "team-tourn"]
[EventRounds "13"]
[EventCountry "TUR"]
[SourceTitle "CBM 137 Extra"]
[Source "ChessBase"]
[SourceDate "2010.09.01"]
[SourceVersion "1"]
[SourceVersionDate "2010.09.01"]
[SourceQuality "1"]

1. e4 c5 2. Nf3 e6 3. d4 cxd4 4. Nxd4 a6 5. c4 Nf6 6. Nc3 d6 7. Be3 b6 8. Be2 Bb7 9. f3 Be7 10. 0-0 0-0 11. Rc1 Nbd7 12. a3 Rc8 13. b4 Re8 14. Qd2 Qc7 15. Rc2 Qb8 16. Rb1 Ne5 17. Na4 Bd8 18. Rcc1 d5 19. cxd5 Rxc1+ 20. Rxc1 exd5 21. exd5 Nxd5 22. Bf2 h6 23. h4 Qd6 24. Nc3 Nf4 25. Bf1 Bc7 26. Re1 Rd8 27. Ne4 Bxe4 28. Rxe4 Ne6 29. Qb2 Nc6 30. Bg3 Qxg3 31. Nf5 Qh2+ 32. Kf2 Be5 33. Qb1 Ncd4 34. Rg4 Nxf5 35. Qxf5 Bd4+ 36. Ke1 Bc3+ 37. Kf2 Rd2+ 38. Be2 Rxe2+ 39. Kxe2 Nd4+ 40. Rxd4 Bxd4 41. Qc8+ Kh7 42. Qf5+ g6 43. Qxf7+ Bg7 0-1

[Event "TUR-chT"]
[Site "Konya"]
[Date "2010.07.05"]
[Round "8"]
[White "Goksel, Doga Cihan"]
[Black "Arduman, Can"]
[Result "1/2-1/2"]
[WhiteElo "2253"]
[BlackElo "2335"]
[PlyCount "27"]
[EventDate "2010.06.29"]
[EventType "team-tourn"]
[EventRounds "13"]
[EventCountry "TUR"]
[SourceTitle "CBM 137 Extra"]
[Source "ChessBase"]
[SourceDate "2010.09.01"]
[SourceVersion "1"]
[SourceVersionDate "2010.09.01"]
[SourceQuality "1"]

1. Nf3 Nf6 2. c4 g6 3. g3 Bg7 4. Bg2 c6 5. d4 0-0 6. 0-0 d5 7. b3 a5 8. Bb2 Bf5 9. Nbd2 a4 10. Nh4 Be6 11. Nhf3 Bf5 12. Nh4 Be6 13. Nhf3 Bf5 14. Nh4 1/2-1/2

[Event "TUR-chT"]
[Site "Kocaeli"]
[Date "2008.06.27"]
[Round "7"]
[White "Citak, Selim"]
[Black "Goksel, Doga Cihan"]
[Result "1/2-1/2"]
[WhiteElo "2323"]
[BlackElo "2263"]
[PlyCount "46"]
[EventDate "2008.06.24"]
[EventType "team"]
[EventRounds "15"]
[EventCountry "TUR"]
[SourceTitle "CBM 125 Extra"]
[Source "ChessBase"]
[SourceDate "2008.09.01"]
[SourceVersion "1"]
[SourceVersionDate "2008.09.01"]
[SourceQuality "1"]

1. e4 c5 2. Nf3 e6 3. d4 cxd4 4. Nxd4 a6 5. Nc3 b5 6. Bd3 Qb6 7. Nf3 Nc6 8. 0-0 Nge7 9. e5 Ng6 10. Bxg6 hxg6 11. Ne4 Be7 12. Nd6+ Bxd6 13. Qxd6 Qb8 14. Qc5 Qa7 15. Qc3 b4 16. Qc4 a5 17. Be3 Ba6 18. Qf4 Qc7 19. Rfe1 Ne7 20. Ng5 f5 21. exf6 Qxf4 22. Bxf4 gxf6 23. Ne4 Nd5 1/2-1/2

[Event "TUR-chT"]
[Site "Kocaeli"]
[Date "2008.06.26"]
[Round "5"]
[White "Gagunashvili, Merab"]
[Black "Goksel, Doga Cihan"]
[Result "1-0"]
[WhiteElo "2553"]
[BlackElo "2263"]
[PlyCount "97"]
[EventDate "2008.06.24"]
[EventType "team"]
[EventRounds "15"]
[EventCountry "TUR"]
[SourceTitle "CBM 125 Extra"]
[Source "ChessBase"]
[SourceDate "2008.09.01"]
[SourceVersion "1"]
[SourceVersionDate "2008.09.01"]
[SourceQuality "1"]

1. d4 d5 2. c4 c6 3. Nf3 Nf6 4. Nc3 e6 5. Bg5 Nbd7 6. e3 Be7 7. Bd3 0-0 8. 0-0 dxc4 9. Bxc4 c5 10. Qe2 a6 11. Rfd1 b5 12. Bd3 cxd4 13. Nxd4 Bb7 14. e4 Qb8 15. Re1 Ne5 16. Bc2 Rd8 17. Rad1 Bc5 18. Nb3 Rxd1 19. Nxd1 Bb4 20. Rf1 Qc7 21. Bxf6 gxf6 22. Ne3 Rc8 23. f4 Nc4 24. Ng4 Be7 25. Nh6+ Kf8 26. Qg4 Ke8 27. Qg8+ Bf8 28. Ng4 Qe7 29. Qh8 Nxb2 30. Nxf6+ Kd8 31. Rc1 Kc7 32. Nxh7 Nc4 33. Nxf8 Rxf8 34. Qd4 Kb8 35. Qc5 Qd8 36. Bd3 Qxd3 37. Qxf8+ Ka7 38. Qc5+ Ka8 39. Qd4 Qe2 40. Qf2 Qd3 41. Nc5 Qa3 42. Rd1 Bc8 43. h3 Ne3 44. Re1 Nc4 45. Kh2 Qc3 46. Rd1 Kb8 47. Nd7+ Kb7 48. Qc5 Qc2 49. Rd6 1-0

[Event "TUR-ch"]
[Site "Istanbul"]
[Date "2006.03.21"]
[Round "11"]
[White "Gurevich, Mikhail"]
[Black "Goksel, Doga Cihan"]
[Result "1-0"]
[WhiteElo "2633"]
[BlackElo "2189"]
[PlyCount "77"]
[EventDate "2006.03.11"]
[EventType "tourn"]
[EventRounds "13"]
[EventCountry "TUR"]
[EventCategory "4"]
[SourceTitle "CBM 111 Extra"]
[Source "ChessBase"]
[SourceDate "2006.05.09"]
[SourceVersion "1"]
[SourceVersionDate "2006.05.09"]
[SourceQuality "1"]

1. d4 d5 2. c4 c6 3. Nf3 Nf6 4. e3 e6 5. Nc3 Nbd7 6. Bd3 Bd6 7. e4 dxe4 8. Nxe4 Nxe4 9. Bxe4 0-0 10. 0-0 h6 11. Bc2 Re8 12. Qd3 Nf8 13. Be3 b6 14. Rfd1 Qe7 15. Ne5 Bb7 16. Bf4 Red8 17. Qg3 f6 18. Ng6 Qc7 19. Bxd6 Qxd6 20. Qd3 f5 21. Nxf8 Rxf8 22. Qe3 Rf6 23. c5 Qe7 24. Re1 Kh8 25. Qe5 Re8 26. Re3 Ba6 27. Rc3 Bb7 28. Re1 Qf7 29. Ra3 Ba8 30. Rb3 Qb7 31. Rbe3 bxc5 32. dxc5 Qb4 33. Rd1 Qc4 34. Bb3 Qh4 35. Rd7 f4 36. Rh3 Qg4 37. Bc2 Rg6 38. Bxg6 Qxg6 39. Rhd3 1-0

[Event "TUR-ch"]
[Site "Istanbul"]
[Date "2006.03.18"]
[Round "8"]
[White "Goksel, Doga Cihan"]
[Black "Kilicaslan, Hasan"]
[Result "1/2-1/2"]
[WhiteElo "2189"]
[BlackElo "2281"]
[PlyCount "32"]
[EventDate "2006.03.11"]
[EventType "tourn"]
[EventRounds "13"]
[EventCountry "TUR"]
[EventCategory "4"]
[SourceTitle "CBM 111 Extra"]
[Source "ChessBase"]
[SourceDate "2006.05.09"]
[SourceVersion "1"]
[SourceVersionDate "2006.05.09"]
[SourceQuality "1"]

1. Nf3 Nf6 2. c4 g6 3. g3 Bg7 4. Bg2 0-0 5. 0-0 c6 6. d4 d5 7. b3 Bf5 8. Bb2 Nbd7 9. Nc3 Ne4 10. e3 Nxc3 11. Bxc3 Be4 12. Qe2 Re8 13. Rac1 Nf8 14. Rfd1 Qb6 15. Bf1 Rac8 16. Bh3 Bf5 1/2-1/2